000 00375nam a22001577a 4500
003 OSt
005 20231120095616.0
008 201229b xxu||||| |||| 00| 0 eng d
020 _a9788175994287
040 _cIIMT UNIVERSITY
100 _aCHARLES DICKENS
245 _aDAVID COPPERFIELD
260 _aARISTA PUB
_bNEW DELHI
_c29/12/2020
300 _a923
942 _2ddc
_c02
999 _c50364
_d50364